The Tumour Growth Promoting Effect of Ɛ-N-trimethyl Lysine

Bibliographic Details
Main Authors: Szende, B. (Author), Tyihák, E. (Author), Kopper, L. (Author), Lapis, К. (Author)
Format: Article
Language:English

MARC

LEADER 00000nab a2200000ua 4500
001 vtls010828529
003 SK-MaSNL
005 20260303140808.0
008 230222s1970 xo |||||||||||||||||eng|
035 |a (urnnbn)urn:nbn:sk:snk:ar-a06eo4 
035 |a urn:nbn:sk:snk-ab5u3j 
035 |a (uuid)1e0d1592-53c1-4ad8-aff2-a20aaf50fabf 
040 |a SNKBUCL  |b slo  |c SNKBUCL  |e AACR2 
041 0 |a eng 
044 |a xo  |c SK 
100 1 |a Szende, B.  |4 aut  |9 843213 
245 1 4 |a The Tumour Growth Promoting Effect of Ɛ-N-trimethyl Lysine  |c B. Szende, E. Tyihák, L. Kopper, К. Lapis 
700 1 |a Tyihák, E.  |4 aut  |9 1159581 
700 1 |a Kopper, L.  |4 aut  |9 1159582 
700 1 |a Lapis, К.  |4 aut  |9 1159583 
773 0 |t Neoplasma : journal of experimental and clinical oncology  |g Roč. 17, č. 4 (1970), s. 433-434 
958 |a OND 
958 |a EUIPO 
958 |a article5 
999 |c 1973349  |d 1975279